01465nam a2200289 a 450000100060000000300080000600500170001400800410003102000280007203500190010004000260011904100080014508200260015310000490017924500870022826000830031530000420039865000440044065000260048494200120051099900170052295201280053995201280066795201280079595201280092395201240105141143BD-RjUL20211209053333.0160516s2005 bg ||||| |||| 00| 0 ben d a98482422312c: Tk.65.00 a(BD-RjUL)41259 aBD-RjULbbencBD-RjUL aben 223a891.441bBAK 2005 aবালা, অমৃতলাল 911803710aকবিতা আমার কবিতা /cঅমৃতলাল বালা aঢাকা :bজোনাকী প্রকাশনী,c২০০৫. a৮০ পৃ.;b২১ সেমি. aবাংলা কবিতা9126552 aBegali poetry9126553 2ddccBK c41143d41143 00102ddc40708NFICaRUCLbRUCLcStackd2008-04-13eGiftl0oB 891.441 BAK 2005r2016-05-16 00:00:00tC-2w2016-05-16yBK 00102ddc40708NFICaRUCLbRUCLcStackd2008-04-16eGiftl0oB 891.441 BAK 2005r2016-08-13 00:00:00tC-3w2016-08-13yBK 00102ddc40708NFICaRUCLbRUCLcStackd2008-04-16eGiftl0oB 891.441 BAK 2005r2016-08-13 00:00:00tC-4w2016-08-13yBK 00102ddc40708NFICaRUCLbRUCLcStackd2008-04-16eGiftl0oB 891.441 BAK 2005r2016-08-13 00:00:00tC-5w2016-08-13yBK 00102ddc40718NFICaRUCLbRUCLcReadingd2008-04-13l0oB 891.441 BAK 2005r2017-01-30 00:00:00tC-1w2017-01-30yBK